Geography Quiz

Random Geography or World Quiz

Heavily-Armed Countries Quiz Stats

 Plays Quiz Updated Jul 12, 2014

Support Sporcle.
Go Orange.
Score 0/20 Timer 04:00
6 Plays Today
Number of Firearms Country % Correct
270,000,000United States
99.7%
12,750,000Russia
91.2%
40,000,000China
89.1%
15,500,000Mexico
88.6%
14,840,000Brazil
85.6%
9,950,000Canada
84.7%
25,000,000Germany
81.1%
19,000,000France
79%
46,000,000India
79%
9,750,000Iraq
71.1%
Number of Firearms Country % Correct
3,950,000Argentina
70.7%
4,500,000Spain
70.3%
7,000,000Italy
68.9%
5,950,000South Africa
68.3%
18,000,000Pakistan
60.5%
9,000,000Turkey
53.3%
6,000,000Saudi Arabia
48.8%
10,000,000Thailand
32.6%
3,900,000Philippines
27.8%
11,500,000Yemen
23.2%

You're not logged in!

Compare scores with friends on all Sporcle quizzes.
OR
Log In

From the Vault

Three Men and A...

by Hejman

3 Men and a Sporcle Quiz. Now THAT'S a movie we want to see.
Remove Ads.
Support Sporcle.
Get the best of Sporcle when you Go Orange. This ad-free experience offers more features, more stats, and more fun while also helping to support Sporcle. Thank you for becoming a member.

Show Comments

Extras

Top Quizzes Today


Score Distribution

Your Account Isn't Verified!

In order to create a playlist on Sporcle, you need to verify the email address you used during registration. Go to your Sporcle Settings to finish the process.

Report this User

Report this user for behavior that violates our Community Guidelines.

Details: